Bacterial genetics in natural environments /

Bibliographic Details
Other Authors: Fry, J. C., Day, Martin J.
Format: Book
Language:English
Published: London ; New York : Chapman and Hall, 1990.
Edition:1st ed.
Subjects:

MARC

Tag First Indicator Second Indicator Subfields
LEADER 00000cam a22000007a 4500
001 in00000973213
005 20150927114236.0
008 900912s1990 enk 00000 eng d
010 |a gb 90036950  
015 |a GB90-36950 
020 |a 0412356309 :  |c £34.00 : CIP confirmed 
035 |a (OCoLC)22110923 
035 |9 AEW8433AM 
040 |a UKM  |c UKM  |d TXA  |d UtOrBLW 
049 |a TXAM 
082 0 4 |a 589.9015  |2 20 
090 |a QH434  |b .B32 1990 
245 0 0 |a Bacterial genetics in natural environments /  |c edited by John C. Fry and Martin J. Day. 
250 |a 1st ed. 
264 1 |a London ;  |a New York :  |b Chapman and Hall,  |c 1990. 
300 |a xii, 259 pages :  |b illustrations  
336 |a text  |b txt  |2 rdacontent 
337 |a unmediated  |b n  |2 rdamedia 
338 |a volume  |b nc  |2 rdacarrier 
504 |a Includes bibliographical references and index. 
650 0 |a Bacterial genetics. 
700 1 |a Fry, J. C. 
700 1 |a Day, Martin J. 
999 |a MARS 
999 f f |s 505a0a53-5e06-30c6-9a66-bde796e3f1d4  |i 10d85160-627c-388a-8270-dd8f1bb2791d  |t 0 
952 f f |p ric  |a Texas A&M University  |b Rellis Campus  |c Joint Library Facility  |d Remote Storage  |t 0  |e QH434 .B32 1990  |h Library of Congress classification  |i unmediated -- volume  |m A14814092121 
998 f f |a QH434 .B32 1990  |t 0  |l Remote Storage